| 000 | 00623nam a22001817a 4500 | ||
|---|---|---|---|
| 008 | 170325s2016 cr||||| |||| 00| 0 spa d | ||
| 020 | _a9789968530316 | ||
| 082 | 0 | 4 |
_a737.22 _bV297g |
| 100 | 1 |
_aVargas Zamora, José A. _95758 |
|
| 245 | 1 | 5 |
_aguía ilustrada de medallas de Costa Rica / _cJosé A. Vargas Zamora y Manuel B. Chacón Hidalgo. |
| 250 | _a1a ed. | ||
| 260 |
_aSan José, Costa Rica : _bFundación Museos del Banco Central, _c2016. |
||
| 300 |
_a224 p. _bil. col. |
||
| 653 | 1 | 0 | _aMedallas |
| 653 | 1 | 0 | _aNumismática - Costa Rica |
| 653 | 1 | 0 | _aHistoria - Costa Rica |
| 700 | 1 |
_aChacón Hidalgo, Manuel B. _93722 |
|
| 999 |
_c1160 _d1160 |
||